Top 10 Selling cars UK 2010 Quiz Stats

 Plays Quiz not verified by Sporcle

Score 0/10 Timer 02:00
0 Plays Today
Assembled in: Brand and Model % Correct
Germany/Spain/PortugalFord Focus
74.7%
GermanyVolkswagen Golf
74.7%
Germany/SpainFord Fiesta
73.5%
UKVauxhall Astra
61.4%
Germany/SpainVauxhall Corsa
57.8%
GermanyBMW 3 Series
54.8%
SpainVolkswagen Polo
54.2%
FranceRenault Clio
54.2%
UKMINI-All models
45.8%
France/Spain/SlovakiaPeugeot 207
36.1%

You're not logged in!

Compare scores with friends on all Sporcle quizzes.
OR
Log In

Show Comments

Extras

Top Quizzes Today


Score Distribution

Your Account Isn't Verified!

In order to create a playlist on Sporcle, you need to verify the email address you used during registration. Go to your Sporcle Settings to finish the process.

Report this User

Report this user for behavior that violates our Community Guidelines.

Details: